000 00968nas a2200289 4500
001 BR9209590
003 BR-BrBNA
005 20231205093310.0
007 ta
008 230509b bl.|||p| |||| 00| 00por d
040 _aBR-BrBNA
_bpor
_cBiblioteca Nacional de Agricultura
041 _a(Pt)
072 _aP36; U40
100 1 _aScopel, I.
100 1 _aRocha, H.O. da
100 1 _aSantos, M.E. de L.
100 1 _aValerio Filho, M.
245 1 _aAvaliacao de indices de perdas de solo por erosao a nordeste de Cornelio Procopio, Parana, no periodo 1953-1980 atraves de caracteristicas quantitativas da rede de drenagem
650 _aEROSAO DO SOLO
650 _aDRENAGEM
650 _aFOTOINTERPRETACAO
650 _aSENSORIAMENTO REMOTO
650 _aPARANÁ
773 0 _tRevista do Setor de Ciencias Agrarias (Brazil)
_xISSN 0100-607X
_g(1988), v. 10(1-2) p. 41-48
_wBR9209590
909 _a202311
_bLúcia
_c55
_dLúcia Elande
942 _2AGRIS
_n0
_cANA
999 _c137382
_d137382